000 00728nam a2200217Ii 4500
003 JO-AjNU
008 230605s9999||||xx |||||||||||||| ||und||
020 _a978-9957-07-575-0
040 _aJO-AjNU
_bara
_erda
_cJO-AjNU
041 _aara
050 1 4 _aPJ6696.Z5.H6625 2012
100 3 _aتأليف السامرائي، فاضل صالح,
_eauthor
_943169
245 0 0 _aمن أسرار البيان القرآني
250 _aط3: مزيدة ومنقحة
264 3 1 _aعمان: دار الفكر، 2012
300 _a312ص
336 _atext
_btxt
_2rdacontent
337 _aunmediated
_bn
_2rdamedia
338 _avolume
_bnc
_2rdacarrier
650 4 _aالقرآن الكريم - الإعجاز البلاغي
_943170
999 _aA18540
_c22108
_d22108